000
00249nam a22001097a 4500
082
_a
660 GRI'F
100
_a
GRISWOLD, JOHN
_9
58391
245
_a
FUELS COMBUSTION AND FURNACES
260
_a
LONDON
_b
MCGRAW HILL
_c
1946
300
_a
496P
942
_c
BK
999
_c
568592
_d
568592